Datum a čas kvízu
37
Celkem bodů
Celkový počet nahraných bodů na tomto kvízu bez doplňovacích otázek.
1.
Pořadí na kvízu
Konečné umístění týmu na tomto kvízu.
Zaznamenané odpovědi
| # | Otázka | Odpověď | Body | Výsledky |
|---|---|---|---|---|
| 1. | Ve čtvrtek byly zveřejněny výs... | Václav Havel, Václav Klaus, Petr Pavel | 0 | |
| 2. | Jeden švýcarský turista se v p... | v Mostaru | 1 | |
| 3. | Minulý týden byl potvrzen rozc... | Katy Perry, Orlando Bloom | 1 | |
| 4. | Minulý týden byly odhaleny pod... | KFC | 1 | |
| 5. | Minulý týden jsme zažili zcela... | Boca Juniors | 1 | |
| 6. | Ve filmové sérii Muži v černém... | J a K | 1 | |
| 7. | Napište český název závěrečnéh... | Pařba na třetí | 0 | |
| 8. | Seřaďte jednotlivé díly filmov... | 1D 2B 3A 4C | 1 | |
| 9. | Jak se jmenovala dcera Edwarda... | A | 0 | |
| 10. | Závěrem se podíváme blíže na H... | z hadů | 1 |